[Event "Maria Albulet Memorial 2018"]
[Site "Braila"]
[Date "2018.11.10"]
[Round "9"]
[White "Uzuneanu, Gabriela"]
[Black "Petrenko, Svetlana"]
[Result "1/2-1/2"]
[WhiteElo "1571"]
[BlackElo "2130"]
[Annotator "TA"]
[PlyCount "140"]
[EventDate "2018.11.03"]
[EventType "swiss"]
[EventCountry "ROU"]
[SourceTitle "playchess.com"]
[Source "ChessBase"]
[SourceQuality "1"]

{[%evp 21,140,-8,-6,-31,-33,-39,-24,-58,-52,-57,-41,-42,-40,-43,-37,-35,-43,-38,-15,-21,0,-22,-27,-18,-7,-6,7,-24,-6,-24,-24,-24,-14,-23,0,0,0,-8,0,-4,-4,-4,-4,-4,0,-8,7,7,41,0,0,0,0,0,0,0,0,0,0,0,0,0,0,0,0,-6,-6,-6,-6,-10,0,0,0,0,0,-6,0,0,0,0,0,0,0,0,0,0,0,0,0,0,0,0,0,0,0,0,0,0,0,-3,-9,-19,-19,-19,-19,-62,-19,-19,-19,-62,-19,-35,-19,-27,0,-31,0,0,0,0,0]} 1. e4 c5 2. f4 Nc6 3. Nf3 g6 4. g3 Bg7 5. Bg2 e6 6. d3 Nge7 7. Nc3 d6 8. Rb1 O-O 9. O-O Rb8 10. Bd2 b5 11. a3 a5 {[%cal Ba7a5,Ba5b4][%mdl 32] LiveBook: 18 Games} 12. Ne2 {B25: Closed Sicilian: 3 g3, lines without early Be3} (12. a4 b4 13. Nb5 Ba6 14. c4 bxc3 15. bxc3 Qd7 16. c4 Nb4 17. Qe2 Nec6 18. Kh1 Rfe8 19. Be3 Rbc8 20. Qd2 Qe7 {1-0 (45) Li,S (2522)-Delgado Ramirez,N (2541) Dos Hermanas 2004}) 12... b4 13. axb4 axb4 14. b3 {Black has an edge.} f5 $146 15. Bc1 d5 16. e5 d4 17. Nd2 Na5 18. Nc4 Bb7 19. Bxb7 $1 Nxb7 20. Ra1 Ra8 21. Bd2 Qc7 22. Kf2 Nd5 23. Ng1 Na5 24. Nd6 Rfb8 25. Nf3 Bf8 26. Nc4 Nxc4 27. dxc4 Ne7 {[%cal Bd5e7,Be7c6,Bc6d8,Bd8f7][%mdl 32]} 28. Qe2 Qc6 29. Rfc1 Ra6 30. Qf1 Rba8 31. Rxa6 Qxa6 32. Ne1 Nc6 33. Nd3 Qa2 34. Qg2 Ra6 35. Qf1 Nd8 36. Qh3 Be7 37. Qg2 Ra7 38. Qf3 Kg7 39. Qg2 Rc7 40. Qf1 Nf7 41. Qd1 Ra7 42. Qf3 Qa6 43. h3 Qc8 44. Rg1 $1 Ra2 45. Ne1 (45. Qd1 {feels hotter.} h5 46. Bc1 Qe8 47. Bd2 Qc6 48. Qb1) 45... Qa8 (45... h5 {is interesting.} 46. Qd1 Qc6 47. Rg2 Qa8 48. Nd3 Ra1) 46. Qxa8 Rxa8 47. Nd3 Ra2 48. Rc1 h5 49. Ke2 Kf8 50. h4 Ke8 51. Nf2 Nd8 52. Kd3 Nc6 53. Nh3 Kd7 54. Rb1 Bd8 55. Ng1 Bb6 56. Nf3 Bc7 57. Be1 Ra3 58. Bd2 Ra2 59. Be1 Ne7 60. Bd2 Ng8 61. Nh2 Nh6 62. Be1 Ra8 63. Bd2 Kc6 64. Be1 Ra2 65. Bd2 Nf7 66. Nf3 Kd7 67. Be1 Nd8 68. Ng5 Nc6 69. Nf3 Ba5 70. Bd2 Bd8 {Precision: White = 74%, Black = 54%.} 1/2-1/2